| 000 | 01236nam a2200397 c 4500 | ||
|---|---|---|---|
| 999 |
_c51370 _d51370 |
||
| 001 | 51370 | ||
| 003 | ES-MaCES | ||
| 005 | 20251115040004.0 | ||
| 008 | 191105s2019 sp 000 | spa d | ||
| 017 |
_aM 25222-2019 _bDL |
||
| 020 | _a9788491817307 | ||
| 040 |
_aES-MaCES _bspa _cES-MaCES |
||
| 100 | 1 |
_919366 _aMuñoz de Bustillo, Rafael |
|
| 245 | 1 | 0 |
_aMitos y realidades del Estado de bienestar _cRafael Muñoz de Bustillo Llorente |
| 260 |
_aMadrid _bAlianza Editorial _c[2019] |
||
| 300 |
_a507 p. _bgraf. bl. y n. _c23 cm |
||
| 504 | _aBibliografía: p. 473-507 | ||
| 541 | _cCompra | ||
| 650 | 4 |
_aEstado-Benefactor _929481 |
|
| 650 | 4 |
_aprotección social _929076 |
|
| 650 | 4 |
_adesigualdad social _930789 |
|
| 650 | 4 |
_aglobalización económica _930653 |
|
| 650 | 4 |
_adinámica poblacional _928510 |
|
| 650 | 4 |
_arégimen de pensión _927042 |
|
| 650 | 4 |
_ainmigración _928632 |
|
| 650 | 4 |
_aeconomía colaborativa _937923 |
|
| 650 | 4 |
_afuturo del trabajo _930756 |
|
| 650 | 4 |
_aEspaña _926964 |
|
| 650 | 4 |
_aReino Unido _926967 |
|
| 650 | 4 |
_aAlemania _926944 |
|
| 650 | 4 |
_aSuecia _926965 |
|
| 650 | 4 |
_apaís de la OCDE _929055 |
|
| 653 | 1 | 0 | _aSeguridad Social |
| 902 | _aLIB Libro | ||
| 942 |
_2CES _cBK _h3.0. |
||